Southville International School and Colleges
Your cart is empty.
  • Cart
  • Lists
    Public lists Eva Luna New books Lux_list list_1
    Your lists Log in to create your own lists
  • Log in to your account
  • Your cookies
  • Search history
Southville International School and Colleges
  • Advanced search
  • Recent comments
  • Most popular
  • Libraries

Log in to your account

Log in with GOOGLE


If you do not have an external account, but do have a local account, you can still log in:

  1. Home
  2. MARC view: Contemporary social problems and issues /
Normal view MARC view ISBD view

Contemporary social problems and issues / (Record no. 288172)

[ view plain ]
MARC details
000 -LEADER
fixed length control field 00564nam a2200169Ia 4500
008 - FIXED-LENGTH DATA ELEMENTS--GENERAL INFORMATION
fixed length control field 150610s9999 xx 000 0 und d
020 ## - INTERNATIONAL STANDARD BOOK NUMBER
International Standard Book Number 9710859374
050 ## - LIBRARY OF CONGRESS CALL NUMBER
Classification number HN711.Z4
Item number .Z4 .Sa55 1997  
100 ## - MAIN ENTRY--PERSONAL NAME
Personal name Sanchez, Custodiosa A.
245 ## - TITLE STATEMENT
Title Contemporary social problems and issues /
Statement of responsibility, etc Custodiosa A. Sanchez, Fe B. Agpaoa.
250 ## - EDITION STATEMENT
Edition statement 3rd ed.
260 ## - PUBLICATION, DISTRIBUTION, ETC. (IMPRINT)
Place of publication, distribution, etc Mandaluyong City :
Name of publisher, distributor, etc National Book Store,
Date of publication, distribution, etc 1997.
300 ## - PHYSICAL DESCRIPTION
Extent 286pages ;
Dimensions 22 cm.
504 ## - BIBLIOGRAPHY, ETC. NOTE
Bibliography, etc Includes bibliographical references and index.
520 ## - SUMMARY, ETC.
Summary, etc Social problems.
650 ## - SUBJECT ADDED ENTRY--TOPICAL TERM
General subdivision Sociology.
Holdings
Withdrawn status Lost status Damaged status Home library Current library Shelving location Date acquired Total Checkouts Full call number Barcode Date last seen Price effective from Koha item type
      Stonyhurst Southville International School (Batangas) Stonyhurst Southville International School (Batangas) High School Section 06/10/2015   HN711.Z4 .Sa55 1997   US-1309 06/10/2015 06/10/2015 Books

Contemporary social problems and issues /

APA

Sanchez C. A., . (1997). Contemporary social problems and issues. Mandaluyong City: National Book Store.

Chicago

Sanchez Custodiosa A, . 1997. Contemporary social problems and issues. Mandaluyong City: National Book Store.

Harvard

Sanchez C. A., . (1997). Contemporary social problems and issues. Mandaluyong City: National Book Store.

MLA

Sanchez Custodiosa A, . Contemporary social problems and issues. Mandaluyong City: National Book Store. 1997.

  • Place hold
  • Print
  • Cite
  • Add to your cart (remove)
  • Save record
    BIBTEX Dublin Core MARCXML MARC (non-Unicode/MARC-8) MARC (Unicode/UTF-8) MARC (Unicode/UTF-8, Standard) MODS (XML) RIS
  • More searches
    Search for this title in:
    Other Libraries (WorldCat) Other Databases (Google Scholar) Online Stores (Bookfinder.com) Open Library (openlibrary.org)

Exporting to Dublin Core...

SOUTHVILLE LIBRARY

Southville International School and Colleges Library

1281 Tropical Ave. Cor. Luxembourg St., BF Homes International, Las Pinas City

Tel. No. 8256374 / 252358 Loc. 117/146

Powered by Koha